| 000 | 01055nam0a22002771 4500 | ||
|---|---|---|---|
| 001 | v19\rc\1424175 | ||
| 005 | 20260405200222.0 | ||
| 035 | _a(NLR Aleph) 005224304 | ||
| 090 |
_a5538009 _c5538009 |
||
| 100 | _a20060512d1885 |||y0rusy50 ca | ||
| 101 | 0 | _arus | |
| 102 | _aRU | ||
| 105 | _ay z ||||| | ||
| 200 | 1 |
_aОбзор Черноморского прибрежья Кавказа в сельскохозяйственном отношении _f[Соч.] А.В. Верещагина |
|
| 210 |
_aСанкт-Петербург _cтип. т-ва "Обществ. польза" _d1885 |
||
| 215 |
_a[2], 36 с. _d24 |
||
| 320 | _aБиблиогр. в примеч. | ||
| 700 | 1 |
_7ca _8rus _aВерещагин _bА. В. _gАрсений Васильевич _970808 _3RU\NLR\AUTH\7787880 |
|
| 801 | 0 |
_aRU _bNLR _c20060512 _gpsbo |
|
| 801 | 0 |
_aRU _bRuMoRGB _c20060512 _2psbo |
|
| 801 | 1 |
_aRU _bProSoft-M _c20060512 _2rusmarc |
|
| 801 | 2 |
_aRU _bNLR _c20100526 _2rusmarc |
|
| 852 |
_aNLR _j18.211.3.130 |
||
| 852 |
_aNLR _bМф _jК1/3142 |
||
| 942 | _cBOOK | ||
| 980 | _aNB | ||